Návrh hydroenergetického využitia hate Vyškovce nad Ipľom.

Gespeichert in:
Bibliographische Detailangaben
1. Verfasser: Hanzlík, Matúš (Verfasst von)
Weitere Verfasser: Šulek, Peter (Betreuung Doktorarbeit)
Format: Manuskript Buch
Sprache:Slowakisch
Veröffentlicht: 2015
Schlagworte:
Online-Zugang:http://is.stuba.sk/zp/portal_zp.pl?podrobnosti=109409
https://opac.crzp.sk/?fn=detailBiblioForm&sid=78283B71680DBAF21841D21D22D4
Tags: Tag hinzufügen
Keine Tags, Fügen Sie das erste Tag hinzu!

MARC

LEADER 00000ntm a22000003a 4500
001 stuzp51413
003 SK-STU
005 20231012160750.5
007 ta
008 150427s2015----xo-----f-mn---000-0-slo-d
040 |a STU  |b slo 
041 0 |a slo 
100 1 |a Hanzlík, Matúš  |u 010170  |4 aut  |U SvF Stavebná fakulta  |T SvF Katedra hydrotechniky  |X 67013  |U V170  |Y 17  |7 A000067013 
242 0 1 |a Design of hydroenergy use of the weir Vyškovce nad Ipľom  |y eng 
245 1 0 |a Návrh hydroenergetického využitia hate Vyškovce nad Ipľom. 
260 |c 2015 
650 4 |a Ipeľ  |2 slo 
650 4 |a Malá vodná elektráreň  |2 slo 
650 4 |a Archimedova turbína  |2 slo 
650 4 |a Vodná stavba Vyškovce nad Ipľom  |2 slo 
650 4 |a Ipeľ  |2 eng 
650 4 |a Water structure Vyškovce nad Ipľom  |2 eng 
650 4 |a Small hydro power plant  |2 eng 
650 4 |a Archimedes screw  |2 eng 
700 1 |a Šulek, Peter  |4 ths  |X 634  |7 A000000634 
856 4 |u http://is.stuba.sk/zp/portal_zp.pl?podrobnosti=109409 
856 4 |u https://opac.crzp.sk/?fn=detailBiblioForm&sid=78283B71680DBAF21841D21D22D4 
SQL |a stuzp51413  |b DDP  |c SLO  |d Návrh hydroenergetického využitia hate Vyškovce nad Ipľom.  |e 67013  |f Hanzlík, Matúš  |g 010170  |h 634  |i Šulek, Peter  |j 20150617  |k 27  |l 01  |m http://is.stuba.sk/zp/portal_zp.pl?podrobnosti=109409  |n I-VSH  |o 5.1.6. vodné stavby, 6.4.1. vodné hospodárstvo